| 000 | 00875nam a22002177a 4500 | ||
|---|---|---|---|
| 001 | 47485 | ||
| 003 | BD-RjUL | ||
| 005 | 20211209054327.0 | ||
| 008 | 160808s2010 B a|||| |b|| 00| 0 ben d | ||
| 035 | _a(BD-RjUL)47604 | ||
| 040 |
_aBD-RjUL _bben _cBD-RjUL |
||
| 041 | _aben | ||
| 082 |
_223 _a792.5492 _bLIB 2010 |
||
| 100 | 1 |
_aলিপন, সাইদুর রহমান _9144388 |
|
| 245 | 1 | 0 |
_aবাংলাদেশের লোকনাট্যে অভিনয় পদ্ধতি / _cসাইদুর রহমান লিপন |
| 260 |
_aঢাকা : _bবাংলা একাডেমী, _c২০১০ |
||
| 300 |
_a[৮], ২৩৯ পৃ. : _bচিত্র ; _c২১ সেমি. |
||
| 650 |
_aমঞ্চ অভিনয় _zবাংলাদেশ _9144389 |
||
| 650 |
_aStage performance _zBangladesh _9144390 |
||
| 942 |
_2ddc _cBK |
||
| 999 |
_c47485 _d47485 |
||